00468nam a2200181Ia 4500003000400000005001700004008004100021040000700062041001200069082001500081100002100096245004300117260004600160365001200206650002200218650002200240700002400262OSt20250807175947.0210423s1998 xx 000 0 und d cAL aEnglish a320 bSEQB aLetitia Sequeira aBasic ideas and ideologies of polities aMangalorebMangal Deep Publicationsc1998 b75cINR aPolitical Science aPolitical Science aD Souza, Rose Veera